export_success — 

Differences in Glycemic Control in Type 1 Diabetes Children and Adolescents : In a National and International Perspective and the Effect on Microvascular Complications in Young Adults.

Bibliographic Details
Main Author: Anderzén, Johan.
Format: eBook
Language:English
Published: Linköping : Linkopings Universitet, 2023.
Edition:1st ed.
Series:Linköping University Medical Dissertations Series
Subjects:
Online Access:Click to View
LEADER 02070nam a22003853i 4500
001 EBC30400937
003 MiAaPQ
005 20240729202204.0
006 m o d |
007 cr cnu||||||||
008 240729s2023 xx o ||||0 eng d
020 |a 9789180750325  |q (electronic bk.) 
020 |z 9789180750318 
035 |a (MiAaPQ)EBC30400937 
035 |a (Au-PeEL)EBL30400937 
035 |a (OCoLC)1373986860 
040 |a MiAaPQ  |b eng  |e rda  |e pn  |c MiAaPQ  |d MiAaPQ 
100 1 |a Anderzén, Johan. 
245 1 0 |a Differences in Glycemic Control in Type 1 Diabetes Children and Adolescents :  |b In a National and International Perspective and the Effect on Microvascular Complications in Young Adults. 
250 |a 1st ed. 
264 1 |a Linköping :  |b Linkopings Universitet,  |c 2023. 
264 4 |c {copy}2023. 
300 |a 1 online resource (59 pages) 
336 |a text  |b txt  |2 rdacontent 
337 |a computer  |b c  |2 rdamedia 
338 |a online resource  |b cr  |2 rdacarrier 
490 1 |a Linköping University Medical Dissertations Series ;  |v v.1838 
505 0 |a Intro -- ABSTRACT -- CONTENTS -- LIST OF PAPERS -- ABBREVIATIONS -- PROLOGUE -- BACKGROUND -- HYPOTHESES AND AIMS -- PATIENTS AND METHODS -- STATISTICAL ANALYSES -- ETHICAL ASPECTS -- RESULTS -- DISCUSSION -- FUTURE PERSPECTIVE -- SAMMANFATTNING PÅ SVENSKA -- ACKNOWLEDGMENTS -- REFERENCES -- Papers. 
588 |a Description based on publisher supplied metadata and other sources. 
590 |a Electronic reproduction. Ann Arbor, Michigan : ProQuest Ebook Central, 2024. Available via World Wide Web. Access may be limited to ProQuest Ebook Central affiliated libraries.  
655 4 |a Electronic books. 
776 0 8 |i Print version:  |a Anderzén, Johan  |t Differences in Glycemic Control in Type 1 Diabetes Children and Adolescents  |d Linköping : Linkopings Universitet,c2023  |z 9789180750318 
797 2 |a ProQuest (Firm) 
830 0 |a Linköping University Medical Dissertations Series 
856 4 0 |u https://ebookcentral.proquest.com/lib/matrademy/detail.action?docID=30400937  |z Click to View